Normal view MARC view

Entry Topical Term

Number of records used in: 1

001 - CONTROL NUMBER

  • control field: 30212

003 - CONTROL NUMBER IDENTIFIER

  • control field: OSt

005 - DATE AND TIME OF LATEST TRANSACTION

  • control field: 20220225122200.0

008 - FIXED-LENGTH DATA ELEMENTS

  • fixed length control field: 220225|| aca||aabn | a|a d

040 ## - CATALOGING SOURCE

  • Original cataloging agency: OSt
  • Transcribing agency: OSt

150 ## - HEADING--TOPICAL TERM

  • Topical term or geographic name entry element: Fiscal stress, Regression discontinuity, Fiscal stress monitoring

670 ## - SOURCE DATA FOUND

  • Source citation: Work cat.: (OSt): Chung, Il Hwan Williams, Daniel 30211, Local governments’ responses to the fiscal stress label: The case of New York

Powered by Koha